Софрониевский монастырь. Из истории Молчанской Печерской Рождества Пресвятой Богородицы пустыни (Запис № 576488)
[ простий вигляд ]
| 000 -Лідер | |
|---|---|
| fixed length control field | 00990 a2200241 4500 |
| 003 - Ідентифікатор контрольного номера | |
| control field | UA-OsUOA |
| 005 - Дата та час останнього входження (трансакції) | |
| control field | 20240529100706.0 |
| 008 - Елементи даних фіксованої довжини – загальна інформація | |
| fixed length control field | 240529b un ||||| |||| 00| 0 ukr d |
| 020 ## - Міжнародний стандартний книжковий номер (ISBN) | |
| Міжнародний стандартний книжковий номер (ISBN) (НП) | 9667869067 |
| 040 ## - Джерело каталогізації | |
| Мова каталогізації | rus |
| Агенція, яка здійснювала перезапис | UA-OsUOA |
| 080 ## - Індекс Універсальної десяткової класифікації | |
| Індекс Універсальної десяткової класифікації (УДК) (НП) | 271(477.81/82) |
| 090 ## - Локальний шифр розміщення | |
| Класифікаційний індекс УДК | 271(477.81/82) |
| Авторський знак (НП) | С68 |
| 245 ## - Відомості про назву | |
| Назва (НП) | Софрониевский монастырь. Из истории Молчанской Печерской Рождества Пресвятой Богородицы пустыни |
| Дані про відповідальність (НП) | А. Луговской, В. Вечерский, С. Тупик и др. |
| 260 ## - Публікація, розповсюдження і т.п. (Вихідні дані) | |
| Місце публікації, розповсюдження і т.п. (П) | К. |
| Ім’я/ наймення видавництва, розповсюджувача і т.п. (П) | Оптима |
| Дата публікації, розповсюдження і т.п. (П) | 2001 |
| 300 ## - Фізичний опис | |
| Обсяг | 120 с. |
| Інші фізичні характеристики (НП) | ил. |
| 650 ## - Додаткове предметне введення – тематичний термін | |
| Тематичний термін чи географічна назва, як елемент введення (НП) | 271 Релігійні ордени |
| 9 (RLIN) | 2967 |
| 700 1# - Додаткове введення – ім'я особи | |
| Ім’я особи (НП) | Луговской А. |
| 9 (RLIN) | 2968 |
| 700 1# - Додаткове введення – ім'я особи | |
| Ім’я особи (НП) | Вечерский В. |
| 9 (RLIN) | 2969 |
| 700 1# - Додаткове введення – ім'я особи | |
| Ім’я особи (НП) | Тупик С. |
| 9 (RLIN) | 2970 |
| 942 ## - Додаткові елементи входу (Коха) | |
| Тип елемента Koha | Книги |
| Source of classification or shelving scheme | Universal Decimal Classification |
| 955 ## - Код типу видання за змістом | |
| Код типу видання за змістом (НП) | Науково-популярні видання |
| Стан вилучень | Стан втрат | Джерело класифікації або схеми стелажів | Стан уражень | Не для кредиту | Код колекції | Постійне місце розташування | Поточне розміщення | Дата придбання | Джерело придбання | Вартість, звичайна ціна покупки | Усього замовленно | Повний номер виклику | Штрих-код | Дата останнього перегляду | Вартість, ціна заміни | Ціна ефективна від | Тип елемента Koha | Примітка, призначена для загального доступу |
|---|---|---|---|---|---|---|---|---|---|---|---|---|---|---|---|---|---|---|
| Universal Decimal Classification | Колекція Жулинського М.Г. | АБ - Абонемент НБ | АБ - Абонемент НБ | 29/05/2024 | №36/23.05.2024 | 100.00 | 271(477.81/82) С68 | 167561 | 29/05/2024 | 100.00 | 29/05/2024 | Книги | з автографом А. Луговського |